Drop in detached house construction (Record no. 117091)
[ view plain ]
| 000 -LEADER | |
|---|---|
| fixed length control field | 01057cam a2200217 4500 |
| 001 - CONTROL NUMBER | |
| control field | WB4010-03 |
| 008 - FIXED-LENGTH DATA ELEMENTS--GENERAL INFORMATION | |
| fixed length control field | 040311n2004 000 0 eng u |
| 035 ## - SYSTEM CONTROL NUMBER | |
| System control number | (Sirsi) u125394 |
| 245 ## - TITLE STATEMENT | |
| Title | Drop in detached house construction |
| 260 ## - PUBLICATION, DISTRIBUTION, ETC. | |
| Date of publication, distribution, etc. | 2004 |
| 490 ## - SERIES STATEMENT | |
| Series statement | Inside Housing |
| Volume/sequential designation | 21(9) 5 March 2004, 7 (1) |
| 520 ## - SUMMARY, ETC. | |
| Summary, etc. | The latest figures from the HBF show that the proportion of detached houses built in the southeast of England during 2003 has plummeted to 19% compared with 47% in 1997. Over the same period the proportion of flats increased from 14% to 47%. An HBF spokesman warned that if the trend continued then the construction of detached houses could stop altogether, but other housing professionals welcomed the figures as a sign that better use was being made of land in the region. http://www.hbf.co.uk |
| 590 ## - LOCAL NOTE (RLIN) | |
| Local note | WB |
| 590 ## - LOCAL NOTE (RLIN) | |
| Local note | WB |
| 650 ## - SUBJECT ADDED ENTRY--TOPICAL TERM | |
| Topical term or geographic name entry element | SOUTHEAST ENGLAND |
| 650 ## - SUBJECT ADDED ENTRY--TOPICAL TERM | |
| Topical term or geographic name entry element | HOUSING DENSITY |
| 650 ## - SUBJECT ADDED ENTRY--TOPICAL TERM | |
| Topical term or geographic name entry element | FLATS |
| 650 ## - SUBJECT ADDED ENTRY--TOPICAL TERM | |
| Topical term or geographic name entry element | DCLG HOUSING AND CONSTRUCTION STATISTICS |
| 690 ## - LOCAL SUBJECT ADDED ENTRY--TOPICAL TERM (OCLC, RLIN) | |
| Topical term or geographic name as entry element | BUILDING AND CONSTRUCTION-MARKET |
| 942 ## - ADDED ENTRY ELEMENTS (KOHA) | |
| Suppress in OPAC | 0 |
| Withdrawn status | Lost status | Source of classification or shelving scheme | Damaged status | Not for loan | Home library | Current library | Shelving location | Date acquired | Total Checkouts | Full call number | Barcode | Date last seen | Copy number | Price effective from | Koha item type |
|---|---|---|---|---|---|---|---|---|---|---|---|---|---|---|---|
| Dewey Decimal Classification | London | London | News article | 11/03/2004 | WB4010-03 | 125394-1001 | 06/08/2019 | 1 | 06/08/2019 | News article |